[Event "Wch U18 Girls"]
[White "Acioli, Luyse Victoria Gome"]
[Black "Huayhuas Robles, Laura Sofia"]
[Site "Florianopolis"]
[Round "3"]
[Result "1-0"]
[Date "2024.10.31"]
[WhiteElo "1886"]
[BlackElo "1732"]
[PlyCount "117"]
[EventDate "2024.10.29"]
[EventType "swiss"]
[EventRounds "11"]
[EventCountry "BRA"]
[SourceTitle "CB45_2024"]
[Source "ChessBase"]
[SourceDate "2024.11.06"]
[SourceVersion "1"]
[SourceVersionDate "2024.11.06"]
[SourceQuality "1"]

1. d4 Nf6 2. c4 e6 3. Nf3 d5 4. Nc3 Be7 5. cxd5 exd5 6. Bf4 0-0 7. e3 c6 8. h3 Re8 9. Bd3 Nbd7 10. 0-0 Nf8 11. Ne5 Bd6 12. a3 Ne6 13. Bg3 g6 14. Bh4 Be7 15. Qf3 Rf8 16. b4 Nd7 17. Nxd7 Bxd7 18. Bxe7 Qxe7 19. b5 Ng5 20. Qg3 Rac8 21. Rfc1 f5 22. a4 Ne4 23. Bxe4 fxe4 24. Rab1 Be6 25. a5 c5 26. dxc5 Rxc5 27. Ne2 Rxc1+ 28. Rxc1 Rc8 29. Rxc8+ Bxc8 30. Qb8 Qc5 31. Nd4 Kg7 32. Qe5+ Kg8 33. g4 a6 34. bxa6 bxa6 35. Qb8 Kg7 36. Qb6 Qc4 37. Qd8 Qc5 38. Qb6 Qc4 39. Nc6 Be6 40. Qc7+ Bf7 41. Qb7 Qa2 42. Nd8 Qa1+ 43. Kg2 Qf6 44. Nxf7 Qxf7 45. Qxa6 d4 46. exd4 Qf3+ 47. Kg1 e3 48. Qa7+ Kf8 49. Qb8+ Kf7 50. Qb3+ Kf6 51. Qxe3 Qd1+ 52. Kg2 Qa4 53. Qe5+ Kf7 54. g5 Qc6+ 55. d5 Qc5 56. a6 Qa7 57. Qe6+ Kg7 58. Qc6 Qd4 59. Qf6+ 1-0

[Event "Wch U18 Girls"]
[White "Ha, Yihan"]
[Black "Acioli, Luyse Victoria Gome"]
[Site "Florianopolis"]
[Round "2"]
[Result "1-0"]
[Date "2024.10.30"]
[WhiteElo "2060"]
[BlackElo "1886"]
[PlyCount "67"]
[EventDate "2024.10.29"]
[EventType "swiss"]
[EventRounds "11"]
[EventCountry "BRA"]
[SourceTitle "CB45_2024"]
[Source "ChessBase"]
[SourceDate "2024.11.06"]
[SourceVersion "1"]
[SourceVersionDate "2024.11.06"]
[SourceQuality "1"]

1. d4 Nf6 2. c4 e6 3. Nc3 d5 4. cxd5 exd5 5. Bg5 c6 6. e3 h6 7. Bh4 Be7 8. Bd3 0-0 9. Qc2 Re8 10. Nge2 a5 11. 0-0 Na6 12. a3 Nc7 13. Bg3 Ne6 14. Rac1 Ng5 15. Rfd1 Bd6 16. h3 Nh5 17. Bxd6 Qxd6 18. Qd2 b5 19. f4 b4 20. fxg5 bxc3 21. Qxc3 Qe7 22. g6 Qxe3+ 23. Kh2 Re6 24. gxf7+ Kxf7 25. Rf1+ Kg8 26. g4 Re4 27. Bxe4 Qxe2+ 28. Bg2 Nf6 29. Qxc6 Rb8 30. Rce1 Qd2 31. Rxf6 Qxe1 32. Bxd5+ Kh7 33. Be4+ g6 34. Rf7+ 1-0

[Event "BRA-ch U26 (Women)"]
[White "Acioli, Luyse Victoria Gome"]
[Black "Nunes, Agatha Hurba"]
[Site "Brasilia"]
[Round "6"]
[Result "1-0"]
[Date "2024.10.17"]
[WhiteElo "1886"]
[BlackElo "1906"]
[PlyCount "103"]
[EventDate "2024.10.14"]
[EventType "swiss"]
[EventRounds "6"]
[EventCountry "BRA"]
[SourceTitle "CB43_2024"]
[Source "Chessbase"]
[SourceDate "2024.10.23"]
[SourceVersion "1"]
[SourceVersionDate "2024.10.23"]
[SourceQuality "1"]

1. d4 d5 2. c4 e6 3. Nc3 Nf6 4. cxd5 exd5 5. Bg5 c6 6. e3 h6 7. Bh4 Be7 8. Bd3 0-0 9. Nge2 Re8 10. 0-0 Nbd7 11. Rc1 Ne4 12. Bxe7 Qxe7 13. Bxe4 dxe4 14. Ng3 Nf6 15. Qc2 h5 16. h3 h4 17. Nge2 Bf5 18. Rfd1 Qd7 19. Kh2 g5 20. a3 Kg7 21. Rd2 Rh8 22. Rcd1 Rac8 23. Qa4 b5 24. Qa5 g4 25. Nf4 g3+ 26. Kg1 Nh5 27. Nce2 Bg4 28. hxg4 Qxg4 29. Nxh5+ Rxh5 30. Nf4 gxf2+ 31. Kxf2 Rf5 32. Qc3 Qg3+ 33. Kg1 Rh8 34. d5+ f6 35. Nh3 Rg5 36. Kh1 c5 37. Qxc5 Rf5 38. Qe7+ Kh6 39. Qxe4 Qg6 40. Rf2 Re5 41. Qxg6+ Kxg6 42. Rf3 Rd8 43. Rd4 Kf7 44. Nf4 a5 45. Kh2 Re7 46. Kh3 Rh8 47. d6 Rd7 48. Nd3 Ke8 49. Rxf6 Rg8 50. Nc5 Rdg7 51. Re4+ Kd8 52. Ne6+ 1-0

[Event "BRA-ch U26 (Women)"]
[White "Dos Santos, Gabrielly Goncalves"]
[Black "Acioli, Luyse Victoria Gome"]
[Site "Brasilia"]
[Round "5"]
[Result "0-1"]
[Date "2024.10.16"]
[WhiteElo "1695"]
[BlackElo "1886"]
[PlyCount "82"]
[EventDate "2024.10.14"]
[EventType "swiss"]
[EventRounds "6"]
[EventCountry "BRA"]
[SourceTitle "CB43_2024"]
[Source "Chessbase"]
[SourceDate "2024.10.23"]
[SourceVersion "1"]
[SourceVersionDate "2024.10.23"]
[SourceQuality "1"]

1. e4 c5 2. Nc3 Nc6 3. d3 e6 4. f4 d6 5. Nf3 Nf6 6. Be2 Be7 7. 0-0 0-0 8. a3 a6 9. d4 d5 10. e5 Nd7 11. dxc5 Bxc5+ 12. Kh1 b5 13. b4 Be7 14. Bd3 Qc7 15. Ne2 g6 16. Bb2 Nb6 17. c3 Bd7 18. Qe1 Na4 19. Bc1 Rac8 20. Bd2 Nb2 21. Bc2 a5 22. Rb1 Nc4 23. Bc1 axb4 24. axb4 Ra8 25. Bb3 Nb6 26. g4 f6 27. exf6 Bxf6 28. g5 Bg7 29. Ned4 Nxd4 30. Nxd4 e5 31. fxe5 Bxe5 32. Rxf8+ Rxf8 33. Rb2 Bh3 34. Rf2 Rxf2 35. Qxf2 Qxc3 36. Bb2 Bxd4 37. Qe2 Qe3 38. Qxe3 Bxe3 39. Be5 Nc4 40. Bf6 d4 41. Bc2 Bf5 0-1

[Event "BRA-ch U26 (Women)"]
[White "Da Silva, Karina Ingryd Olive"]
[Black "Acioli, Luyse Victoria Gome"]
[Site "Brasilia"]
[Round "3"]
[Result "0-1"]
[Date "2024.10.15"]
[WhiteElo "1704"]
[BlackElo "1886"]
[PlyCount "44"]
[EventDate "2024.10.14"]
[EventType "swiss"]
[EventRounds "6"]
[EventCountry "BRA"]
[SourceTitle "CB43_2024"]
[Source "Chessbase"]
[SourceDate "2024.10.23"]
[SourceVersion "1"]
[SourceVersionDate "2024.10.23"]
[SourceQuality "1"]

1. e4 c5 2. c3 Nf6 3. e5 Nd5 4. d4 cxd4 5. cxd4 d6 6. Nf3 Nc6 7. Bc4 dxe5 8. Nxe5 e6 9. Qh5 Nxe5 10. Qxe5 Nb6 11. 0-0 Nxc4 12. Qb5+ Bd7 13. Qxc4 Bc6 14. Nc3 Be7 15. Rd1 Qc8 16. Qb3 0-0 17. d5 exd5 18. Nxd5 Re8 19. Qg3 Bxd5 20. Rxd5 Bh4 21. Bf4 Bxg3 22. Rc1 Qxc1+ 0-1

[Event "BRA-ch U26 (Women)"]
[White "Acioli, Luyse Victoria Gome"]
[Black "Da Silva, Debora Oliveira Lop"]
[Site "Brasilia"]
[Round "2"]
[Result "1-0"]
[Date "2024.10.14"]
[WhiteElo "1886"]
[BlackElo "1579"]
[PlyCount "71"]
[EventDate "2024.10.14"]
[EventType "swiss"]
[EventRounds "6"]
[EventCountry "BRA"]
[SourceTitle "CB43_2024"]
[Source "Chessbase"]
[SourceDate "2024.10.23"]
[SourceVersion "1"]
[SourceVersionDate "2024.10.23"]
[SourceQuality "1"]

1. d4 d5 2. Nf3 Nf6 3. Bg5 e6 4. Nbd2 Be7 5. e3 b6 6. Ne5 Bb7 7. Bd3 0-0 8. 0-0 Nbd7 9. f4 c5 10. c3 Ne8 11. Bxe7 Qxe7 12. Rf3 Ndf6 13. Rh3 Ne4 14. Rb1 f5 15. Bxe4 fxe4 16. g4 Nd6 17. Nf1 Nf7 18. Nxf7 Qxf7 19. Qe1 g5 20. fxg5 Bc8 21. Rg3 Qe7 22. Nd2 Qxg5 23. Qe2 e5 24. dxc5 bxc5 25. Qb5 d4 26. Qxc5 dxe3 27. Qxe3 Qxe3+ 28. Rxe3 Bxg4 29. Rg3 h5 30. h3 Rad8 31. Nxe4 Rf3 32. hxg4 hxg4 33. Rxf3 gxf3 34. Kf2 Rf8 35. Rg1+ Kh8 36. Rg5 1-0

[Event "Titled Tuesday intern op 28th May Early"]
[White "Acioli, Luyse Victoria Gome"]
[Black "Victor, Julian"]
[Site "Chess.com INT"]
[Round "2"]
[Result "0-1"]
[Date "2024.05.28"]
[WhiteElo "1835"]
[BlackElo "2297"]
[PlyCount "58"]
[EventDate "2024.05.28"]
[EventType "swiss (blitz)"]
[EventRounds "11"]
[EventCountry "USA"]
[SourceTitle "EXT 2025"]
[Source "ChessBase"]
[SourceDate "2024.10.14"]
[SourceVersion "1"]
[SourceVersionDate "2024.10.14"]
[SourceQuality "1"]

1. d4 Nf6 2. Nf3 d5 3. c4 e6 4. Nc3 a6 5. cxd5 exd5 6. Bg5 Be6 7. e3 Nbd7 8. Bd3 c6 9. 0-0 Bd6 10. a3 0-0 11. Rc1 Qc7 12. b4 Bg4 13. h3 Bh5 14. Na4 h6 15. Bxf6 Nxf6 16. Nc5 Qe7 17. Be2 Rfe8 18. Qd2 Ne4 19. Nxe4 dxe4 20. Ne1 Bg6 21. Rc3 h5 22. f3 exf3 23. Nxf3 a5 24. Rb3 b5 25. Re1 Be4 26. Qc3 Bd5 27. Rb2 Qxe3+ 28. Qxe3 Rxe3 29. Kf2 Rxa3 0-1

[Event "BRA-ch U18 Girls"]
[White "Dias, Clara"]
[Black "Acioli, Luyse Victoria Gome"]
[Site "Aracaju"]
[Round "4"]
[Result "1-0"]
[Date "2024.05.23"]
[WhiteElo "2022"]
[BlackElo "1835"]
[PlyCount "54"]
[EventDate "2024.05.22"]
[EventType "swiss"]
[EventRounds "6"]
[EventCountry "BRA"]
[SourceTitle "CBM 220 Extra"]
[Source "ChessBase"]
[SourceDate "2024.07.31"]
[SourceVersion "1"]
[SourceVersionDate "2024.07.31"]
[SourceQuality "1"]

1. e4 c5 2. Nf3 e6 3. d4 cxd4 4. Nxd4 Nf6 5. Nc3 Nc6 6. Ndb5 d6 7. Bf4 e5 8. Bg5 a6 9. Na3 b5 10. Nd5 Be7 11. Bxf6 gxf6 12. Qd3 Be6 13. c3 0-0 14. Nc2 Rb8 15. Be2 Qd7 16. Nce3 a5 17. 0-0 Kh8 18. f4 b4 19. f5 Bxd5 20. Nxd5 bxc3 21. bxc3 Rg8 22. Rf3 Rb2 23. Rh3 Qa7+ 24. Kf1 Qc5 25. Rh6 Rgb8 26. Rd1 Kg7 27. Qh3 Rh8 1-0

[Event "BRA-ch U18 Girls"]
[White "Acioli, Luyse Victoria Gome"]
[Black "Barbosa, Luiza Karollyne Dan"]
[Site "Aracaju"]
[Round "1"]
[Result "1-0"]
[Date "2024.05.22"]
[WhiteElo "1835"]
[BlackElo "1799"]
[PlyCount "66"]
[EventDate "2024.05.22"]
[EventType "swiss"]
[EventRounds "6"]
[EventCountry "BRA"]
[SourceTitle "CBM 220 Extra"]
[Source "ChessBase"]
[SourceDate "2024.07.31"]
[SourceVersion "1"]
[SourceVersionDate "2024.07.31"]
[SourceQuality "1"]

1. d4 Nf6 2. Nf3 g6 3. Bg5 Bg7 4. Nbd2 d6 5. c3 Bf5 6. e3 Nbd7 7. h3 c5 8. Be2 0-0 9. 0-0 a6 10. a4 Qb6 11. Nc4 Qc7 12. a5 Rfe8 13. Bf4 Be4 14. Rc1 b5 15. axb6 Nxb6 16. Nfd2 Nxc4 17. Bxc4 Qb7 18. Nxe4 Nxe4 19. Qc2 cxd4 20. exd4 d5 21. Bd3 Nf6 22. Rfe1 e6 23. Ra1 Rec8 24. Ra2 Ra7 25. Rea1 Rca8 26. b4 Nd7 27. Qe2 Qc8 28. Ra3 Nb6 29. Bxa6 Qc6 30. b5 Qc7 31. Bxc7 Rxc7 32. Rb3 Nc4 33. Rab1 Rca7 1-0

[Event "Titled Tuesday intern op 20th Jun Early"]
[White "Freile Martin, Javier"]
[Black "Acioli, Luyse Victoria Gome"]
[Site "Chess.com INT"]
[Round "11"]
[Result "1-0"]
[Date "2023.06.20"]
[WhiteElo "2329"]
[BlackElo "1613"]
[PlyCount "91"]
[EventDate "2023.06.20"]
[EventType "swiss (blitz)"]
[EventRounds "11"]
[EventCountry "USA"]
[SourceTitle "EXT 2024"]
[Source "ChessBase"]
[SourceDate "2023.10.10"]
[SourceVersion "1"]
[SourceVersionDate "2023.10.10"]
[SourceQuality "1"]

1. d4 Nf6 2. c4 g6 3. Nc3 Bg7 4. e4 d6 5. Be2 0-0 6. Nf3 e5 7. 0-0 Nbd7 8. Be3 a5 9. d5 Ng4 10. Bg5 Qe8 11. Ne1 Ngf6 12. Nd3 h6 13. Be3 b6 14. a3 Nc5 15. f3 Nfd7 16. b4 axb4 17. axb4 Rxa1 18. Qxa1 Nb3 19. Qa7 Qd8 20. Nb5 Nd4 21. Bxd4 exd4 22. Qxc7 Qxc7 23. Nxc7 Ne5 24. Nxe5 dxe5 25. c5 bxc5 26. bxc5 Rd8 27. d6 Bd7 28. Ra1 Kf8 29. Ra8 Rxa8 30. Nxa8 Bc6 31. Nb6 Ke8 32. Bc4 f5 33. Bd5 Bd7 34. c6 Bxc6 35. Bxc6+ Kd8 36. Kf1 Bf8 37. Nc4 Bg7 38. Ke2 fxe4 39. fxe4 Bf6 40. h3 g5 41. g4 Bg7 42. Kd3 Bf6 43. Nb2 Bg7 44. Kc4 Bf6 45. Kd5 Bg7 46. Nd3 1-0

[Event "Titled Tuesday intern op 20th Jun Early"]
[White "Mazurkiewicz, Michal"]
[Black "Acioli, Luyse Victoria Gome"]
[Site "Chess.com INT"]
[Round "9"]
[Result "1-0"]
[Date "2023.06.20"]
[WhiteElo "2145"]
[BlackElo "1613"]
[PlyCount "57"]
[EventDate "2023.06.20"]
[EventType "swiss (blitz)"]
[EventRounds "11"]
[EventCountry "USA"]
[SourceTitle "EXT 2024"]
[Source "ChessBase"]
[SourceDate "2023.10.10"]
[SourceVersion "1"]
[SourceVersionDate "2023.10.10"]
[SourceQuality "1"]

1. e4 c5 2. Nf3 Nc6 3. g3 g6 4. Bg2 Bg7 5. 0-0 d6 6. Re1 Qc7 7. d3 Nf6 8. c3 0-0 9. d4 cxd4 10. cxd4 e6 11. Nc3 a6 12. h3 b5 13. e5 dxe5 14. dxe5 Nd7 15. Bf4 Rd8 16. Bg5 Re8 17. Ne4 Ndxe5 18. Nxe5 Bxe5 19. Nf6+ Bxf6 20. Bxf6 Bb7 21. Qd2 Ne7 22. Rac1 Qb6 23. g4 e5 24. Bxb7 Qxf6 25. Bxa8 Rxa8 26. Qe3 Nc6 27. Qe4 Rc8 28. Rc5 Qd8 29. Rxc6 1-0

[Event "Joao Pessoa op"]
[White "Dornelles, Marcio Neron Camarg"]
[Black "Acioli, Luyse Victoria Gome"]
[Site "Joao Pessoa"]
[Round "2"]
[Result "1-0"]
[Date "2023.03.17"]
[WhiteElo "1960"]
[BlackElo "1737"]
[PlyCount "127"]
[EventDate "2023.03.17"]
[EventType "swiss"]
[EventRounds "6"]
[EventCountry "BRA"]
[SourceTitle "EXT 2024"]
[Source "ChessBase"]
[SourceDate "2023.10.10"]
[SourceVersion "1"]
[SourceVersionDate "2023.10.10"]
[SourceQuality "1"]

1. d4 Nf6 2. c4 g6 3. Nc3 Bg7 4. e4 d6 5. Nf3 0-0 6. Be2 Nbd7 7. 0-0 e5 8. d5 Nc5 9. Qc2 a5 10. Bg5 Qe8 11. Nd2 Nfd7 12. Bg4 Nf6 13. Bxc8 Rxc8 14. Nb3 Nxb3 15. Qxb3 b6 16. Qc2 Nd7 17. Nb5 f5 18. f3 h6 19. Be3 f4 20. Bf2 g5 21. Na7 Ra8 22. Nc6 Nf6 23. b3 g4 24. Bh4 Qh5 25. Ne7+ Kh8 26. Bxf6 Bxf6 27. Nf5 Rg8 28. Kh1 Bh4 29. fxg4 Rxg4 30. Qe2 Rag8 31. h3 Bg3 32. Nxg3 fxg3 33. Rf6 Qh4 34. Raf1 R4g6 35. Rxg6 Rxg6 36. Qf3 Qe7 37. Kg1 Kg7 38. Qf5 Rf6 39. Qg4+ Rg6 40. Qc8 h5 41. Rf5 Rh6 42. h4 Rh8 43. Qe6 Qxe6 44. dxe6 Re8 45. Rf7+ Kg6 46. Rxc7 Rxe6 47. Rc6 Rf6 48. Rxb6 Rf4 49. Rxd6+ Kf7 50. c5 Rxe4 51. Kf1 Rf4+ 52. Ke2 Rf2+ 53. Ke3 Rxg2 54. Rd7+ Ke6 55. c6 Rg1 56. Kd2 g2 57. Rg7 Rf1 58. Rxg2 Kd6 59. Rg6+ Kc7 60. Ke3 Rf4 61. Rg5 Rxh4 62. Rxe5 Kxc6 63. Rxa5 Kb6 64. Rf5 1-0

[Event "Salvador op"]
[White "Acioli, Luyse Victoria Gome"]
[Black "Neves, Carlos Alberto Bras"]
[Site "Salvador"]
[Round "?"]
[Result "1-0"]
[Date "2023.01.??"]
[WhiteElo "1574"]
[BlackElo "1914"]
[PlyCount "37"]
[EventDate "2023.01.12"]
[EventType "swiss"]
[EventRounds "7"]
[EventCountry "BRA"]
[SourceTitle "CBM 212 Extra"]
[Source "ChessBase"]
[SourceDate "2023.03.31"]
[SourceVersion "1"]
[SourceVersionDate "2023.03.31"]
[SourceQuality "1"]

1. d4 d5 2. c4 e6 3. Nf3 Nf6 4. Bg5 c6 5. Nc3 h6 6. Bf4 Bb4 7. Qb3 Ba5 8. Qa3 Na6 9. e3 Bb4 10. Qb3 Qe7 11. c5 Ne4 12. Bxa6 Bxc3+ 13. bxc3 bxa6 14. Ne5 Bd7 15. Qb7 Rc8 16. Rb1 Nxc3 17. Rb3 Nb5 18. a4 Nc7 19. Nxc6 1-0

[Event "Salvador op"]
[White "Acioli, Luyse Victoria Gome"]
[Black "Santos, Alan Gomes Florenci"]
[Site "Salvador"]
[Round "?"]
[Result "1-0"]
[Date "2023.01.??"]
[WhiteElo "1574"]
[BlackElo "1751"]
[PlyCount "103"]
[EventDate "2023.01.12"]
[EventType "swiss"]
[EventRounds "7"]
[EventCountry "BRA"]
[SourceTitle "CBM 212 Extra"]
[Source "ChessBase"]
[SourceDate "2023.03.31"]
[SourceVersion "1"]
[SourceVersionDate "2023.03.31"]
[SourceQuality "1"]

1. d4 d5 2. c4 c6 3. Nc3 Nf6 4. Bf4 dxc4 5. a4 Bf5 6. e3 Na6 7. Bxc4 Nb4 8. Rc1 e6 9. Nf3 Be7 10. h3 h6 11. 0-0 0-0 12. Re1 Ne4 13. Be2 Qa5 14. Nxe4 Bxe4 15. Nd2 Bd3 16. Nc4 Bxe2 17. Rxe2 Qd8 18. e4 Na2 19. Ra1 Nb4 20. Re3 Bg5 21. Bxg5 Qxg5 22. Rg3 Qe7 23. Qg4 f5 24. Qg6 fxe4 25. Qxh6 Nd3 26. Rf1 Rf6 27. Qh4 Raf8 28. Ne5 Nxe5 29. dxe5 R6f7 30. Qxe4 Rf4 31. Qc2 Qh4 32. Qb3 Qe7 33. Rg6 Re8 34. Qc2 c5 35. Rd1 Rd4 36. Rxd4 cxd4 37. Qc4 Qd7 38. Rg3 Rd8 39. Rd3 Qc6 40. Rxd4 Rxd4 41. Qxd4 a6 42. Kh2 Qc1 43. g3 Qc8 44. Qd6 Kf7 45. Kg2 g5 46. g4 Qc4 47. Qd7+ Kf8 48. Qxb7 Qd5+ 49. Qxd5 exd5 50. Kf3 Ke7 51. Ke3 Ke6 52. Kd4 1-0

[Event "Salvador op"]
[White "Ramos, Dourivan Junior Bar"]
[Black "Acioli, Luyse Victoria Gome"]
[Site "Salvador"]
[Round "?"]
[Result "0-1"]
[Date "2023.01.??"]
[WhiteElo "1674"]
[BlackElo "1574"]
[PlyCount "60"]
[EventDate "2023.01.12"]
[EventType "swiss"]
[EventRounds "7"]
[EventCountry "BRA"]
[SourceTitle "CBM 212 Extra"]
[Source "ChessBase"]
[SourceDate "2023.03.31"]
[SourceVersion "1"]
[SourceVersionDate "2023.03.31"]
[SourceQuality "1"]

1. c4 Nf6 2. e3 g6 3. Nc3 Bg7 4. g3 0-0 5. Bg2 c6 6. Nge2 e5 7. d3 d5 8. b3 Nbd7 9. 0-0 Nb6 10. c5 Nbd7 11. d4 e4 12. Rb1 Nh5 13. g4 Nhf6 14. h3 h5 15. g5 Nh7 16. h4 f6 17. Nf4 Qe8 18. Bh3 fxg5 19. Ne6 Rf3 20. Nc7 Qd8 21. Bg2 Qxc7 22. Bxf3 exf3 23. Qxf3 Ndf6 24. hxg5 Nxg5 25. Qg3 Qxg3+ 26. fxg3 Bh3 27. Rf4 Bf5 28. Rb2 Nh3+ 29. Kg2 Nxf4+ 30. gxf4 Ne4 0-1

[Event "Aracaju rapid op"]
[White "Miranda, Rivair Goncalves"]
[Black "Acioli, Luyse Victoria Gome"]
[Site "Aracaju"]
[Round "3"]
[Result "1-0"]
[Date "2020.01.18"]
[WhiteElo "2044"]
[BlackElo "1900"]
[PlyCount "139"]
[EventDate "2020.01.18"]
[EventType "swiss"]
[EventRounds "4"]
[EventCountry "BRA"]
[SourceTitle "CBM 194 Extra"]
[Source "ChessBase"]
[SourceDate "2020.03.31"]
[SourceVersion "1"]
[SourceVersionDate "2020.03.31"]
[SourceQuality "1"]

1. e4 c5 2. Nf3 Nc6 3. d4 cxd4 4. Nxd4 g6 5. Nc3 Bg7 6. Be3 Nf6 7. Be2 0-0 8. 0-0 d6 9. Qd2 Bg4 10. f3 Bd7 11. Nb3 Be6 12. Bh6 Nd7 13. Bxg7 Kxg7 14. Nd4 Qb6 15. Rfd1 Kg8 16. Kh1 Nxd4 17. Qxd4 Qxb2 18. Nd5 Qxd4 19. Nxe7+ Kg7 20. Rxd4 Rfe8 21. Nd5 Rac8 22. Bd3 Ne5 23. Kg1 Nc6 24. Ra4 Bxd5 25. exd5 Ne7 26. Rxa7 Nxd5 27. Kf2 b6 28. Be4 Nf6 29. Bd3 Rb8 30. Bc4 Rf8 31. Rc7 Rbc8 32. Rxc8 Rxc8 33. Bd3 Nd7 34. Rb1 Rb8 35. Ke3 Nc5 36. Bc4 Ne6 37. Rb2 Nc7 38. Kd4 b5 39. Bd3 f6 40. a4 b4 41. c3 Ra8 42. Rxb4 Ra5 43. Bb5 Ne6+ 44. Kc4 Kf7 45. g3 Ke7 46. Rb2 Kd8 47. Ra2 h5 48. f4 Ra7 49. a5 Kc7 50. Kb4 Kb7 51. Bc4 Nc5 52. Bf7 g5 53. Bxh5 gxf4 54. gxf4 Nd3+ 55. Kb5 Nxf4 56. Bf3+ Kc7 57. h4 Nd3 58. h5 Kd8 59. Kb6 Rh7 60. a6 Nc5 61. a7 Rxa7 62. Rxa7 Ke8 63. Bd5 Kd8 64. h6 Kc8 65. h7 Nd7+ 66. Rxd7 Kxd7 67. h8Q f5 68. Qg7+ Ke8 69. Bc6+ Kd8 70. Qd7# 1-0